Esbozo de la historia electoral nicaragüense, 1950-1990 /

Salvato in:
Dettagli Bibliografici
Autore principale: Krennerich, Michael
Natura: testo
Soggetti:
Tags: Aggiungi Tag
Nessun Tag, puoi essere il primo ad aggiungerne!!

MARC

LEADER 00000 a a2200000 04500
001 46244
003
040
090 |a REV1052 (7)1996  
100 |a Krennerich, Michael  
245 |a Esbozo de la historia electoral nicaragüense, 1950-1990 /  |c Michael Krennerich  
650 |a HISTORIA  
650 |a ELECCIONES  
650 |a SANDINISMO  
650 |a NICARAGUA  
773 |g número7 (1996), Páginas 42-67.  
999 |c 30520  |d 30520